000 00513nam a22001577a 4500
008 211026b ||||| |||| 00| 0 eng d
020 _a9780071842822
050 _aHF5485
_b.F69 2016
100 _a Frazelle, Edward.
245 _a World-class warehousing and material handling /
_cEdward H. Frazelle, PHD.
260 _aNew York :
_bMcGraw-Hill Education,
_c [2016]
300 _a362 pages :
_b illustrations ;
_c24 cm
500 _a Includes index.
650 _aWarehouses
_xManagement.
942 _2lcc
_cBK
999 _c57092
_d57092